000 00332nam a2200097Ia 4500
008 220120s9999||||xx |||||||||||||| ||und||
100 _aIswara Prasad Shastry, K
_912076
245 0 _aPC based control unit for G. 703 link switching
260 _aCoorg Institute of Technology
_bPonnampet
_c2006
650 _aELECTRONICS AND COMMUNICATIONS
999 _c137661
_d137661